00884nam a2200205 a 450000100100000000500170001000800410002702000150006804000250008308200150010824501600012326000280028330000280031150000490033950400730038870000430046170000430050495201140054799900170066100004106820201002034608.0130917s1987 sp a 000 0 spa d a8400067924 aDO-SdBNPbspacBNPHU axxxxbxxxx00aAndalucia y America en el siglo XX :bactas de las vi jornadas de Andalucía y América /cedición Bibiano Torres Ramírez, José Hernández Palomo. aSevilla :bCSIC,c1987. a406 p. :bil. ;c24 cm. aPublicación conmemorativa del V Centenario aIncluye referencias bibliográficas y notas al pie de las páginas1 aTorres Ramírez, Bibiano,eed.9149741 aHernández Palomo, Joséeed.914975 0010507-18MOaGRbGRcOId2013-09-17iLF1l0oxxxx xxxxp41068-10r2020-06-25w2020-06-25y1ZNo se presta c40558d40558